书目信息 |
| 题名: |
爱弥尔
|
|
| 作者: | 卢梭 , Rousseau 著 ;李平沤 译 | |
| 分册: | 下卷 | |
| 出版信息: | 北京 人民教育出版社 1985 |
|
| 页数: | 429页 | |
| 开本: | 20cm | |
| 丛书名: | 外国教育名著丛书 | |
| 单 册: | ||
| 中图分类: | I565.44 , G40 | |
| 科图分类: | ||
| 主题词: | 长篇小说--法国--近代 , 教育理论--法国--近代 | |
| 电子资源: | ||
| ISBN: | ||
| 000 | 00945nam2 2200337 45 | |
| 001 | 0185008474 | |
| 005 | 20040614104558.2 | |
| 010 | @b精装@dCNY4.15 | |
| 091 | @a7012.01006 | |
| 100 | @a19921031d1985 em y0chiy0121 ea | |
| 101 | 1 | @achi@cfre |
| 102 | @aCN@b110000 | |
| 105 | @ac z 000ay | |
| 106 | @ar | |
| 200 | 10 | @a爱弥尔@Aai mi er@e论教育@h下卷@f(法)卢梭(Rousseau,J.J.)著@g李平沤译 |
| 210 | @a北京@c人民教育出版社@d1985 | |
| 215 | @a429页@c肖像@d20cm | |
| 225 | 2 | @a外国教育名著丛书 |
| 300 | @a根据法国1958年版译出 | |
| 410 | 0 | @120010@a外国教育名著丛书 |
| 517 | 1 | @a论教育@Alun jiao yu |
| 606 | @a长篇小说@y法国@z近代 | |
| 606 | @a教育理论@y法国@z近代 | |
| 690 | @aI565.44@v3 | |
| 690 | @aG40@v3 | |
| 701 | 1 | @a卢梭@Alu suo@bJ.J.@4著 |
| 701 | A1 | @aRousseau@bJ.J.@4著 |
| 702 | 0 | @a李平沤@Ali ping ou@4译 |
| 801 | 0 | @aCN@b深圳图书馆@c20040614 |
| 801 | 2 | @aCN@bNLC@c20040614 |
| 905 | @f1@b202790@dG40@e114:2 | |
| 爱弥尔:论教育.下卷/(法)卢梭(Rousseau,J.J.)著/李平沤译.-北京:人民教育出版社,1985 |
| 429页:肖像;20cm.-(外国教育名著丛书) |
| 根据法国1958年版译出 |
| ISBN (精装):CNY4.15 |
| ● |
| 相关链接 |
|
|
|
|
正题名:爱弥尔
索取号:G40/114:2
 
预约/预借
| 序号 | 登录号 | 条形码 | 馆藏地/架位号 | 状态 | 备注 |
| 1 | 0202790 | 000266660 | 第四借阅区/ [索取号:G40/114:2] | 在馆 |